Estallan los partidos y crece la corrupción /

Guardat en:
Dades bibliogràfiques
Autor principal: Hernández Pico, Juan
Format: Text
Matèries:
Etiquetes: Afegir etiqueta
Sense etiquetes, Sigues el primer a etiquetar aquest registre!

MARC

LEADER 00000 a a2200000 04500
001 7083
003
040
100 |a Hernández Pico, Juan  
245 |a Estallan los partidos y crece la corrupción /  |c Juan Hernández Pico 
650 |a CORRUPCION  
650 |a PARTIDOS POLITICOS  
650 |a ESTADO  
650 |a GUERRA CIVIL  
650 |a CRISIS POLITICA  
650 |a ESTADO  
650 |a PODER POLITICO  
773 |g volumen 13, número 153; páginas 29-32  
999 |c 26676  |d 26676